Tove Lo Charting Songs (Billboard Hot Dance) - Statistics

General Stats
  • This quiz has been taken 18 times
    3 since last reset
  • The average score is 11 of 16
Answer Stats
Album Weeks On Peak Artist(s) Song % Correct
Major Lazer Essentials 11 Weeks #21 Major Lazer ft. Tove Lo Blow That Smoke
100%
Dirt Femme and AudioLust & HigherLove 2 Weeks #27 Tove Lo & SG Lewis Call On Me
100%
Non-Album Single 6 Weeks #29 Dom Dolla & Tove Lo Cave
100%
HEAT EP 5 Weeks #20 Tove Lo & SG Lewis HEAT
100%
7 2 Weeks #21 Nelly Furtado, Tove Lo & SG Lewis Love Bites
100%
Tension II 1 Week #33 Kylie Minogue, Bebe Rexha & Tove Lo My Oh My
100%
Dirt Femme 1 Week #48 Tove Lo & SG Lewis Pineapple Slice
100%
Worlds Apart 20 Weeks #30 Seven Lions with Myon & Shane 54 ft. Tove Lo Strangers
100%
Non-Album Single 9 Weeks #35 Alok & Ilkay Sencan ft. Tove Lo Don't Say Goodbye
50%
Forever 30 Weeks #2 Alesso ft. Tove Lo Heroes (We Could Be)
50%
Snacks (Supersize) and Sunshine Kitty 3 Weeks #35 Jax Jones & Tove Lo Jacques
50%
Non-Album Single 20 Weeks #10 Martin Garrix ft. Tove Lo Pressure
50%
Higher Ground 3 Weeks #22 Diplo ft. Tove Lo Win Win
50%
Non-Album Single 1 Week #43 Aazar, Swae Lee & Tove Lo Diva
0%
Dirt Femme 6 Weeks #19 Tove Lo I like u
0%
Islands 10 Weeks #23 Lucas Nord ft. Tove Lo Run on Love
0%
No matching quizzes found
Score Distribution
Percent of People with Each Score
Percentile by Number Answered
Your Score History
You have not taken this quiz since the last reset